Molecules and cells (Record no. 2199)
[ view plain ]
| 000 -LEADER | |
|---|---|
| fixed length control field | 00619nam a22002057a 4500 |
| 003 - CONTROL NUMBER IDENTIFIER | |
| control field | OSt |
| 005 - DATE AND TIME OF LATEST TRANSACTION | |
| control field | 20160105145534.0 |
| 008 - FIXED-LENGTH DATA ELEMENTS--GENERAL INFORMATION | |
| fixed length control field | 130308t xxu||||| |||| 00| 0 eng d |
| 020 ## - INTERNATIONAL STANDARD BOOK NUMBER | |
| International Standard Book Number | 9780748774845 |
| 050 ## - LIBRARY OF CONGRESS CALL NUMBER | |
| Classification number | QH 581 |
| Item number | .Sm642 2003 |
| 082 ## - DEWEY DECIMAL CLASSIFICATION NUMBER | |
| Classification number | IB 574.87 |
| Item number | Ad2 2003 |
| 100 ## - MAIN ENTRY--PERSONAL NAME | |
| Personal name | Adds, John |
| 245 ## - TITLE STATEMENT | |
| Title | Molecules and cells |
| Statement of responsibility, etc | John Adds, Erica Larkcom and Ruth Miller series editor : Martin Furness-Smith |
| 250 ## - EDITION STATEMENT | |
| Edition statement | revised edition. |
| 260 ## - PUBLICATION, DISTRIBUTION, ETC. (IMPRINT) | |
| Place of publication, distribution, etc | Cheltenham, United Kingdom : |
| Name of publisher, distributor, etc | Nelson Thornes , |
| Date of publication, distribution, etc | c2003 |
| 300 2# - PHYSICAL DESCRIPTION | |
| Dimensions | 28 cm. : |
| Extent | 106 pages. |
| Other physical details | col.,ill.; |
| 562 ## - COPY AND VERSION IDENTIFICATION NOTE | |
| Number of copies | 1 |
| 942 ## - ADDED ENTRY ELEMENTS (KOHA) | |
| Source of classification or shelving scheme | Library of Congress Classification |
| Koha item type | Books |
| Withdrawn status | Lost status | Source of classification or shelving scheme | Damaged status | Home library | Current library | Shelving location | Date acquired | Total Checkouts | Full call number | Barcode | Date last seen | Copy number | Price effective from | Koha item type |
|---|---|---|---|---|---|---|---|---|---|---|---|---|---|---|
| Library of Congress Classification | Luxembourg Library | Luxembourg Library | International Baccalaureate Section | 03/08/2013 | QH 581 .Ad227 2003 | 16730 | 08/13/2013 | 1 | 03/08/2013 | Books |